1613 1025 1565 1549 1156 1350 1730 1339 1019 1747 1984 1850 1129 1605 1322 1934 1783 1759 1789 1657 1311 1262 1304 1235 1178 1393 1266 1556 1108 1380 1157 1366 1271 1287 1433 1004 1950 1785 1869 1578 1002 1208 1214 1664 1924 1753 1356 1021 1244 1687 1253 1421 1959 1457 1226 1873 1006 1496 1845 1543 1202 1850 1415 1186 1180 1336 1565 1636 1963 1349 1128 1417 1303 1355 1072 1916 1194 1834 1636 1268 1893 1249 1360 1981 1979 1512 1552 1241 1841 1003 1494 1188 1685 1297 1041 1137 1168 1391 1271 BCNSPRNW ULIB Ver.6.0+V

เปลี่ยนเป็นภาษาไทย

Change to English
 แสดงรายละเอียดบรรณานุกรม
  กลับหน้าหลัก

Brief Record : Get Marc (ISO 2709) : E-mail record : QR code < ปิดหน้าต่าง
LEADER : 00000nam 2200000uu 4500
001    13399126313
003     ULIB
008    180905s2560||||th 000 0 tha d
020    ^a9786164260597
060    ^aWY152.5 ก495
100    ^aจรัญ สายะสถิตย์,บรรณาธิการ
245    ^aการพยาบาลผู้ป่วยวิกฤตหัวใจ/จรัญ สายะสถิตย์,บรรณาธิการ
260    ^aพิษณุโลก :^bสำนักพิมพ์มหาวิทยาลัยนเรศวร,^c2560
300    ^a171 หน้า
945    ^p390^l0^i004528
945    ^p390^l0^i004526
945    ^p390^l0^i004527
999    ^aประนอม เกษจรัล
รายการนี้ยังไม่มีแท็ก
คุณยังไม่ได้ล็อกอิน คุณสามารถมีกิจกรรมร่วมกับเว็บไซต์ได้ แต่ต้องล็อกอินก่อน ::
  ล็อกอิน

รายการสื่อสารสนเทศ

ลำดับที่ ประเภท เลขเรียก/บาร์โค้ด สถานที่ สถานะ
1. Book การพยาบาล
หนังสือสำรอง
สถานะ=หนังสือสำรอง
WY152.5 ก495 ฉ.1 
  Barcode: 004526
ห้องสมุดวิทยาเขตสวรรค์ประชารักษ์
►หนังสือทั่วไป
บนชั้น
2. Book การพยาบาล
Book การพยาบาล
WY152.5 ก495 ฉ.2 
  Barcode: 004527
ห้องสมุดวิทยาเขตสวรรค์ประชารักษ์
►หนังสือทั่วไป
ถูกยืม กำหนดส่งวันที่ 1 มกราคม 2569
  จอง
3. Book การพยาบาล
Book การพยาบาล
WY152.5 ก495 ฉ.3 
  Barcode: 004528
ห้องสมุดวิทยาเขตสวรรค์ประชารักษ์
►หนังสือทั่วไป
บนชั้น

รายการใกล้เคียง
    ชื่อเรื่อง [การพยาบาลผู้ป่วยวิกฤตหัวใจ/จรัญ สายะสถิตย์,บรรณาธิการ]

    ผู้แต่ง [จรัญ สายะสถิตย์,บรรณาธิการ]

BibComment


ยังไม่เคยถูกคอมเมนท์

คอมเมนท์ทรัพยากรรายการนี้
  คอมเมนท์: การพยาบาลผู้ป่วย..


 Copyright 2026. Bcnsprnw @Library